000 00513nam a2200181 4500
001 139551
003 ES-MaACL
007 t|
008 070214s1933 gw r ||||1| ger d
100 1 _aScheler, Max.
_9104283
245 1 0 _aZur ethik und erkenntnislehre /
_cMax Scheler.
260 _aBerlin :
_bDer Neue Geist,
_c1933.
300 _aVIII, 468 p. ;
_c25 cm.
490 1 _aSchriften aus dem Nachlass
830 0 _aSchriften aus dem Nachlass
_9220239
852 _aES-MaACL
_jC-7525
999 _c139551
_d139551